| 000 | 00584cam a2200217 4500 | ||
|---|---|---|---|
| 001 | J64382 | ||
| 008 | 000000n2001 000 0 eng u | ||
| 035 | _a(Sirsi) u112506 | ||
| 041 | _aeng | ||
| 050 | _a333.337 | ||
| 110 |
_aLambert Smith Hampton _92865 |
||
| 245 | _aSlough office market quarterly report - March & June 2001 | ||
| 260 |
_aSlough _bLambert Smith Hampton _c2001 |
||
| 300 | _a2pt. ; 30cm. | ||
| 650 | _aFLOORSPACE STATISTICS | ||
| 650 | _aOFFICES | ||
| 650 | _aSLOUGH | ||
| 650 | _aPROPERTY MARKET | ||
| 690 | _aPROPERTY-COMMERCIAL PROPERTY | ||
| 942 | _n0 | ||
| 999 |
_c101436 _d101436 |
||